Physical management in neurological rehabilitation. -- 2nd ed. (Record no. 32376)
[ view plain ]
| 000 -LEADER | |
|---|---|
| fixed length control field | 00915nam a2200217 a 4500 |
| 008 - FIXED-LENGTH DATA ELEMENTS--GENERAL INFORMATION | |
| fixed length control field | 120224s2004 ||||||||||||||||| || u |
| 020 ## - INTERNATIONAL STANDARD BOOK NUMBER | |
| International Standard Book Number | 9780723432852 |
| 050 ## - LIBRARY OF CONGRESS CALL NUMBER | |
| Classification number | RC 350 Phy |
| 100 ## - MAIN ENTRY--PERSONAL NAME | |
| Personal name | Stokes, Maria |
| 245 10 - TITLE STATEMENT | |
| Title | Physical management in neurological rehabilitation. -- 2nd ed. |
| Statement of responsibility, etc. | edited by Maria Stokes |
| 250 ## - EDITION STATEMENT | |
| Edition statement | 2nd ed. |
| 260 ## - PUBLICATION, DISTRIBUTION, ETC. | |
| Place of publication, distribution, etc. | London: |
| Name of publisher, distributor, etc. | Elsevier Mosby |
| Date of publication, distribution, etc. | 2004 |
| 300 ## - PHYSICAL DESCRIPTION | |
| Extent | xviii, 554p.: ill. |
| 350 ## - | |
| -- | 0.00 |
| 650 ## - SUBJECT ADDED ENTRY--TOPICAL TERM | |
| Topical term or geographic name entry element | MEDICINE |
| 650 ## - SUBJECT ADDED ENTRY--TOPICAL TERM | |
| Topical term or geographic name entry element | PSYCHOMOTOR DISORDERS--REHABILITATION--HANDBOOKS |
| 650 ## - SUBJECT ADDED ENTRY--TOPICAL TERM | |
| Topical term or geographic name entry element | NERVOUS SYSTEM DISEASES--REHABILITATION--HANDBOOKS |
| 650 ## - SUBJECT ADDED ENTRY--TOPICAL TERM | |
| Topical term or geographic name entry element | NERVOUS SYSTEM--DISEASES--PHYSICAL THERAPY--HANDBOOKS, MANUALS, ETC |
| 650 ## - SUBJECT ADDED ENTRY--TOPICAL TERM | |
| Topical term or geographic name entry element | PHYSICAL THERAPY MODALITIES--HANDBOOKS |
| 995 ## - | |
| -- | MEDICAL LIBRARY OPEN ACCESS |
| -- | 0.00 |
| -- | 901655 |
| -- | CBU-SCHOOL OF MEDICINE LIBRARY (Ndola) |
| -- | 1 |
| -- | 0.00 |
| -- | RC 350 PHY |
| -- | 1 |
| -- | AVAILABLE |
| -- | Mar 22, 2012 |
| -- | 901655 |
| -- | Medical Library Open Access Collection |
| 999 ## - | |
| -- | 32376 |
| -- | 32376 |
| Withdrawn status | Lost status | Source of classification or shelving scheme | Damaged status | Not for loan | Permanent Location | Current Location | Shelving location | Date acquired | Total Checkouts | Full call number | Barcode | Date last seen | Price effective from | Koha item type |
|---|---|---|---|---|---|---|---|---|---|---|---|---|---|---|
| CBU-SCHOOL OF MEDICINE LIBRARY, NDOLA. | CBU-SCHOOL OF MEDICINE LIBRARY, NDOLA. | 11/30/2022 | RC 350 Phy | 901655 | 11/30/2022 | 11/30/2022 | MONOGRAPH |